| 000 | 00538nam a2200217 i 4500 | ||
|---|---|---|---|
| 001 | bgj | ||
| 100 | 1 |
_aTHEROUX, Paul _d(1941- ). |
|
| 245 | 1 | 0 |
_aThe Family Arsenal / _cPaul Theroux. |
| 260 |
_aMiddlesex : _bPenguin Books, _c1977. |
||
| 300 |
_a281, [1] pp ; _c18 cm. |
||
| 490 | 1 | _aPenguin Books | |
| 651 | 9 |
_aEngland _zLondon |
|
| 655 | _aFiction | ||
| 830 | _aPenguin Books | ||
| 020 | _a0140044655 | ||
| 040 | _cBPK | ||
| 041 | 0 | _aeng | |
| 920 | _a0-14-004465-5 | ||
| 942 | _cKS | ||
| 008 | s uk f |000 0 eng | ||
| 999 |
_c47446 _d47446 |
||
| 856 |
_uhttp://koha.tu.koszalin.pl/cgi-bin/koha/opac-detail.pl?biblionumber=47446 _yKatalog online BPK |
||